ბათუმის შოთა რუსთაველის სახელმწიფო უნივერსიტეტის ბიბლიოთეკა

თხზულებანი : 12 ტომად. ტ. 11 (ბიბ.ჩანაწერი № 56588)

000 -LEADER
fixed length control field 01408nam a2200277Ia 4500
001 - CONTROL NUMBER
control field 23702
003 - CONTROL NUMBER IDENTIFIER
control field GE_BSU
008 - FIXED-LENGTH DATA ELEMENTS--GENERAL INFORMATION
fixed length control field 181216s||||||||xx |||||||||||||| ||und||
020 ## - INTERNATIONAL STANDARD BOOK NUMBER
International Standard Book Number 5-520-00558-3
040 ## - CATALOGING SOURCE
Transcribing agency GE_BSU
080 ## - UNIVERSAL DECIMAL CLASSIFICATION NUMBER
Universal Decimal Classification number 930(479.22) + 94(479.22)
100 ## - MAIN ENTRY--PERSONAL NAME
Personal name ჯავახიშვილი, ი. (ივანე, 1876-1940)
245 ## - TITLE STATEMENT
Title თხზულებანი : 12 ტომად. ტ. 11
245 ## - TITLE STATEMENT
Statement of responsibility, etc. მთ. რედ. მ. ლორთქიფანიძე. ტომის რედ.: გ. მელიქიშვილი და სხვ.
250 ## - EDITION STATEMENT
Edition statement საქ. სსრ მეცნ. აკადემია. თბილისის სახ. უნ-ტი
260 ## - PUBLICATION, DISTRIBUTION, ETC.
Place of publication, distribution, etc. თბილისი
260 ## - PUBLICATION, DISTRIBUTION, ETC.
Name of publisher, distributor, etc. მეცნიერება
260 ## - PUBLICATION, DISTRIBUTION, ETC.
Date of publication, distribution, etc. 1998
300 ## - PHYSICAL DESCRIPTION
Extent 704 გვ. 26 სმ.
300 ## - PHYSICAL DESCRIPTION
Accompanying material საძიებ. გვ. 679-696
653 ## - INDEX TERM--UNCONTROLLED
Uncontrolled term თხზულებანი : 12 ტომად. ტ. 11
653 ## - INDEX TERM--UNCONTROLLED
Uncontrolled term სომხეთის ისტორიოგრაფია; ქართული მუსიკის ისტორია
653 ## - INDEX TERM--UNCONTROLLED
Uncontrolled term ქართული ისტორიოგრაფია; საქართველოს ისტორია; კავკასიის ისტორია; ქართველების ეთნოგრაფია
942 ## - ADDED ENTRY ELEMENTS (KOHA)
Koha item type წიგნი
ეგზემპლარები
Withdrawn status Lost status Damaged status Not for loan Date acquired Barcode Date last seen Price effective from Koha item type
        2018-12-17 28534 2018-12-17 2018-12-17 წიგნი